| 000 | 00995nam a2200265Ia 4500 | ||
|---|---|---|---|
| 003 | OSt | ||
| 005 | 20220923230949.0 | ||
| 006 | a|||||r|||| 00| 0 | ||
| 007 | ta | ||
| 008 | 220922b |||||||| |||| 00| 0 hin d | ||
| 020 | _c200 | ||
| 024 | _a324,847 | ||
| 037 |
_b1293, 13/03/2018, Akshar Publishers & Distributors _cTextual |
||
| 040 |
_aARTS _cARTS _bhin |
||
| 041 |
_2hin _ahin |
||
| 082 | _aP152v, P3 | ||
| 100 | _aतिवारी, उदयनारायण, ले. | ||
| 245 | 0 | _aहिन्दी भाषा का उद्गम और विकास | |
| 246 | _aHindī bhāṣhā kā udgam aur vikāsa | ||
| 260 |
_aइलाहाबाद _b लोकभारती प्रकाशन _c2003 |
||
| 300 |
_a456पृ. _ccm. |
||
| 650 | _aहिन्दी भाषा | ||
| 942 |
_hP152v, P3 _cTEXL _2CC |
||
| 999 |
_c388476 _d388476 |
||